000 00711nam a2200229Ia 4500
003 OSt
005 20221005132049.0
006 a|||||r|||| 00| 0
007 ta
008 221004b |||||||| |||| 00| 0 eng d
024 _a58900
037 _cTextual
040 _aCRL
_cCRL
_beng
041 _2eng
_aeng
082 _aU8:2:M8, C2
100 _aInglis James
_9640557
245 0 _aTent life in tigerland with which is incorporated sport and work on the Nepaul frontier being twelve years sporting reminiscences of a pioneer planter in an Indian Frontier district
260 _c1892
650 _aGEOGRAPHY
942 _hU8:2:M8, C2
_cTEXL
_2cc
999 _c1062340
_d1062340